Представление документа в формате MARC21

Поле Инд. ПП Название Значение
Тип записи a
Библиографический уровень a
001 Контрольный номер f4ce614d33264666b983586c17e96d17
005 Дата корректировки 20161019095724.7
020 a ISBN 978-5-903927-27-2
040 a Служба первич. каталог. НБ ТвГУ
b Код языка каталог. rus
e Правила каталог. PSBO
041 0_ a Код языка текста rus
097 b Оператор novikova
100 1_ a Автор Миркин Яков Моисеевич
q Полное имя Миркин Я.
245 10 a Заглавие Глобальные финансы в 2015 году
260 a Место издания Москва
b Издательство Идея-Пресс
504 a Библиография Библиогр. в подстроч. примеч.
520 0_ a Аннотация В 2015 г. не реализовался альтернативный сценарий динамики глобальных финансов. Ни один из острых финансовых шоков 2015 г. не привел к цепной реакции системного риска и новой волне глобального финансового кризиса.
653 0_ a Ключевые слова Финансовая конъюнктура
a Ключевые слова Финансовая глобализация
a Ключевые слова Финансовая глубина мировой экономики
a Ключевые слова Финанциализация
a Ключевые слова Кризис
a Ключевые слова Нормализация
a Ключевые слова Инфляция
a Ключевые слова Суверенный долг
a Ключевые слова Глобальные финансы
a Ключевые слова 2015 г.
773 18 w Контрольный № источника 89cd756f62544ad2879a724d9b8594c8
t Название источника Год планеты: экономика, политика, безопасность
d Место и дата издания Москва : Идея-Пресс, 2015
g Прочая информация С. 45-58
901 t Тип документа a
920 a Оператор Нови